Encyclopaedia of Islam (Record no. 552)

MARC details
000 -LEADER
fixed length control field 00996nam a2200253 a 4500
020 ## - INTERNATIONAL STANDARD BOOK NUMBER
ISBN
082 00 - DEWEY DECIMAL CLASSIFICATION NUMBER
Classification number 297.03
Author Cutter BRI
245 ## - TITLE STATEMENT
Title Encyclopaedia of Islam
260 ## - PUBLICATION, DISTRIBUTION, ETC. (IMPRINT)
Place of publication Leiden
Name of publisher E. J. Brill
Year of publication 1960
300 ## - PHYSICAL DESCRIPTION
Number of Pages 1359p
500 ## - GENERAL NOTE
General note includes index and biblioraphy
505 2# - FORMATTED CONTENTS NOTE
Formatted contents note New Edition
505 2# - FORMATTED CONTENTS NOTE
Formatted contents note New Edition00
650 ## - SUBJECT ADDED ENTRY--TOPICAL TERM
Topical Term Islam-Encyclopaedia
650 ## - SUBJECT ADDED ENTRY--TOPICAL TERM
Topical Term Encyclopeadia-Islam
942 ## - ADDED ENTRY ELEMENTS (KOHA)
Koha item type Books
Holdings
Collection code Home library Current library Shelving location Date acquired Cost, normal purchase price Full call number Accession Number Koha item type
Reference Henry Martyn Institute Library Henry Martyn Institute Library Reference 08/30/2018 2800.00 297.03 BRI V1 03109 Books
Reference Henry Martyn Institute Library Henry Martyn Institute Library Reference 08/30/2018 2800.00 297.03 BRI V2 05462 Books
Reference Henry Martyn Institute Library Henry Martyn Institute Library Reference 08/30/2018 2800.00 297.03 BRI V3 07551 Books
Reference Henry Martyn Institute Library Henry Martyn Institute Library Reference 08/30/2018 2800.00 297.03 BRI V4 012063 Books
Reference Henry Martyn Institute Library Henry Martyn Institute Library Reference 08/30/2018 2800.00 297.03 BRI V6 014366 Books
Reference Henry Martyn Institute Library Henry Martyn Institute Library Reference 08/30/2018 2800.00 297.03 BRI V7 014573 Books
Reference Henry Martyn Institute Library Henry Martyn Institute Library Reference 08/30/2018 2800.00 297.03 BRI V5 014694 Books
Reference Henry Martyn Institute Library Henry Martyn Institute Library Reference 08/30/2018 2800.00 297.03 BRI V8 017078 Books
Reference Henry Martyn Institute Library Henry Martyn Institute Library Reference 08/30/2018 2800.00 297.03 BRI V9 017977 Books
Reference Henry Martyn Institute Library Henry Martyn Institute Library Reference 08/30/2018 2800.00 297.03 BRI V12 021318 Books
Reference Henry Martyn Institute Library Henry Martyn Institute Library Reference 08/30/2018 2800.00 297.03 BRI V10 019654 Books
Reference Henry Martyn Institute Library Henry Martyn Institute Library Reference 08/30/2018 2800.00 297.03 BRI V11 020203 Books
                   Copyright © 2026 | Henry Martyn Institute | Hyderabad | TS-500052 | INDIA | Implemented by hmi.edu.in
Hit-Count:

Powered by Koha